[Event "ch-FRA Blitz Online Qual"]
[Site "Europe-Chess INT"]
[Date "2020.05.16"]
[Round "4"]
[White "Barraud, Mickael"]
[Black "Mokrani, Romuhald"]
[Result "1-0"]
[WhiteElo "1733"]
[BlackElo "1358"]
[WhiteFideId "696137"]
[BlackFideId "551061279"]
[EventDate "2020.05.16"]

1. e4 e6 2. d4 d5 3. e5 c5 4. c3 c4 5. f4 Ne7 6. Nf3 Ng6 7. Be2 Be7 8. O-O O-O
9. Be3 Nc6 10. Nbd2 Bd7 11. b3 b5 12. bxc4 bxc4 13. Qc2 Nh4 14. a4 Nf5 15. Bf2
Na5 16. Rfb1 Rb8 17. g4 Rxb1+ 18. Rxb1 Nh6 19. h3 Qe8 20. Bd1 f6 21. Kg2 f5 22.
g5 Nf7 23. h4 Nd8 24. Ng1 Qg6 25. Nh3 a6 26. Rb6 Ndc6 27. h5 Qe8 28. Rxa6 Nb3
29. Nxb3 cxb3 30. Qxb3 Qc8 31. Rb6 Bd8 32. Rb7 Na5 33. Rb8 Qc7 34. Qb1 Bc6 35.
Rb2 Nc4 36. Re2 Be7 37. h6 1-0

[Event "ch-FRA Blitz Online Qual"]
[Site "Europe-Chess INT"]
[Date "2020.05.16"]
[Round "4"]
[White "Lebrun, Leo"]
[Black "Duvert, Francois"]
[Result "0-1"]
[WhiteElo "1441"]
[BlackElo "1729"]
[WhiteFideId "26097435"]
[BlackFideId "36072877"]
[EventDate "2020.05.16"]

1. Nf3 d5 2. g3 Nf6 3. Bg2 c6 4. d4 Bg4 5. O-O Qd7 6. Nc3 Bh3 7. Bf4 Bxg2 8.
Kxg2 h5 9. Qd3 e6 10. e4 dxe4 11. Nxe4 Nd5 12. Bd2 Be7 13. c4 Nc7 14. Rac1 h4
15. Bg5 hxg3 16. Bxe7 Qxe7 17. fxg3 Nd7 18. Ne5 Nf6 19. Nxf6+ gxf6 20. Ng4 f5
21. Ne5 O-O-O 22. a4 Rdg8 23. a5 Qh4 24. Rh1 f4 25. Nf3 Qh3+ 26. Kf2 fxg3+ 27.
hxg3 Qxg3+ 28. Ke2 Qg2+ 29. Ke3 Rxh1 30. Rxh1 Qxh1 0-1

[Event "ch-FRA Blitz Online Qual"]
[Site "Europe-Chess INT"]
[Date "2020.05.16"]
[Round "4"]
[White "Payet, Thomas"]
[Black "Vanlerberghe, Luc"]
[Result "0-1"]
[WhiteElo "1356"]
[BlackElo "1727"]
[WhiteFideId "45151300"]
[BlackFideId "671908"]
[EventDate "2020.05.16"]

1. e4 c5 2. Nf3 Nc6 3. Bb5 a6 4. Bxc6 bxc6 5. d4 cxd4 6. Qxd4 Nf6 7. e5 Nd5 8.
c4 Nb4 9. Qc3 c5 10. a3 Nc6 11. Be3 d6 12. exd6 exd6 13. O-O Be6 14. Nbd2 Be7
15. Rfe1 O-O 16. Nb3 Rb8 17. Bc1 Qb6 18. Nbd2 Bf6 19. Qc2 Nd4 20. Nxd4 Bxd4 21.
Nf3 Bf6 22. Bg5 Bxb2 23. Rab1 Qb3 24. Qe4 Qxc4 25. Qxc4 Bxc4 26. Nd2 Be6 27. Re2
Bxa3 28. Ra1 Bb4 29. Rxa6 Ra8 30. Rxd6 Ra1+ 31. Nf1 Bc4 0-1

[Event "ch-FRA Blitz Online Qual"]
[Site "Europe-Chess INT"]
[Date "2020.05.16"]
[Round "4"]
[White "Moeller, Joshua"]
[Black "Alaime, Maxime"]
[Result "1-0"]
[WhiteElo "1469"]
[BlackElo "1834"]
[WhiteFideId "45167834"]
[BlackFideId "36045403"]
[EventDate "2020.05.16"]

1. d4 Nf6 2. c4 g6 3. Nc3 Bg7 4. e4 d6 5. Nf3 O-O 6. Be2 e5 7. dxe5 dxe5 8. Qxd8
Rxd8 9. Bg5 Re8 10. Nd5 Nxd5 11. cxd5 c6 12. dxc6 Nxc6 13. O-O Be6 14. Bb5 f6
15. Bxc6 bxc6 16. Be3 Red8 17. b3 a5 18. Rac1 Ra6 19. Rc5 Bf8 20. Rc2 Kf7 21.
Rfc1 Rc8 22. Bc5 Bxc5 23. Rxc5 Ke7 24. Nd2 Kd7 25. Nc4 a4 26. Rd1+ Ke7 27. b4 a3
28. Rc1 Rb8 29. Na5 Bd7 30. Nxc6+ Bxc6 31. Rxc6 Rxc6 32. Rxc6 Rxb4 33. g3 Rb2
34. Ra6 Rxa2 35. Kf1 Kf7 36. h4 Kg7 37. Kg2 f5 38. Ra7+ Kh6 39. exf5 gxf5 40.
Ra6+ Kh5 41. Ra7 h6 42. Ra5 Ra1 43. Rxe5 a2 44. Ra5 Kg6 45. Ra6+ Kh5 46. Kf3 f4
47. Kxf4 Rf1 48. Rxa2 Rb1 49. Ra6 Rb4+ 50. Kf5 Rb5+ 51. Kf6 Rb2 52. f4 Kg4 53.
Ra3 Rb6+ 54. Ke5 Rc6 55. Kd5 Rb6 56. Ke5 h5 57. f5 Rb5+ 58. Ke6 Rb6+ 59. Kf7
Rb7+ 60. Kg6 Rb8 61. f6 Rg8+ 62. Kh7 Rb8 63. f7 Rb7 64. Kg8 Ra7 65. f8=Q 1-0

[Event "ch-FRA Blitz Online Qual"]
[Site "Europe-Chess INT"]
[Date "2020.05.16"]
[Round "4"]
[White "Bosc, Frederic"]
[Black "Frazao, Thomas"]
[Result "0-1"]
[WhiteElo "1365"]
[BlackElo "1719"]
[WhiteFideId "36030970"]
[BlackFideId "36083704"]
[EventDate "2020.05.16"]

1. e4 e5 2. d4 exd4 3. c3 dxc3 4. Bc4 d6 5. Nxc3 Nf6 6. Nf3 Be7 7. O-O O-O 8.
Bg5 Bg4 9. h3 Bh5 10. Bxf6 Bxf6 11. Nd5 Re8 12. Re1 Nc6 13. Nxf6+ Qxf6 14. Bb5
a6 15. Bxc6 bxc6 16. Rb1 Re7 17. Qd3 Rae8 18. Qxa6 Bxf3 19. gxf3 Qxf3 20. Qxc6
Qxh3 21. Re3 Qg4+ 22. Rg3 Qxe4 23. Qc3 Qxb1+ 24. Kg2 g6 25. Rh3 Qxa2 26. Qg3
Qd5+ 27. f3 Re2+ 28. Kf1 Qd1+ 0-1

[Event "ch-FRA Blitz Online Qual"]
[Site "Europe-Chess INT"]
[Date "2020.05.16"]
[Round "4"]
[White "Ibrouchene, Christophe"]
[Black "Thobie, Pascal"]
[Result "1-0"]
[WhiteElo "1797"]
[BlackElo "1216"]
[WhiteFideId "45110786"]
[BlackFideId "651001187"]
[EventDate "2020.05.16"]

1. e4 e6 2. d4 d5 3. Nc3 c5 4. exd5 exd5 5. Nf3 Bg4 6. Bb5+ Nc6 7. dxc5 Bxc5 8.
O-O Ne7 9. Bg5 f6 10. Bf4 O-O 11. h3 Bh5 12. Qd3 Bg6 13. Qd2 a6 14. Bd3 Bxd3 15.
Qxd3 d4 16. Ne4 Ba7 17. Rad1 Ng6 18. Bg3 Nce5 19. Nxe5 Nxe5 20. Bxe5 fxe5 21.
Qb3+ Kh8 22. Qxb7 a5 23. b3 Qb6 24. Qd5 Rad8 25. Qxe5 d3 26. cxd3 Rde8 27. Qd5
Rd8 28. Qg5 Qd4 29. Qd2 h6 30. Kh1 Rf7 31. Qxa5 Rdf8 32. Qb5 Bb6 33. Qc4 Qe5 34.
a4 Bc7 35. g3 Rf5 36. Kg2 Rf3 37. Qc5 Qxc5 38. Nxc5 R3f7 39. Ne4 Ba5 40. f3 Bb6
41. d4 Bc7 42. d5 Bb6 43. Rd3 Rd8 44. Rfd1 Ba7 45. d6 Rdf8 46. b4 Rd8 47. b5 Bb6
48. h4 Kh7 49. Rd5 Rfd7 50. R1d3 Ba5 51. g4 Bb6 52. h5 Ba5 53. Rf5 Bb6 54. Rd2
Ba5 55. Re5 Bb6 56. Re7 Ba5 57. Rxd7 Rxd7 58. Rd5 Bb6 59. Nd2 Ba5 60. Nc4 Bc3
61. a5 Bb4 62. b6 Rb7 63. a6 Rb8 64. b7 Bc5 65. d7 Rxb7 66. axb7 Bb6 67. b8=Q
Be3 68. Qe8 1-0

[Event "ch-FRA Blitz Online Qual"]
[Site "Europe-Chess INT"]
[Date "2020.05.16"]
[Round "4"]
[White "Gombrowicz, Renaud"]
[Black "Villevieille, Lucas"]
[Result "0-1"]
[WhiteElo "1343"]
[BlackElo "1713"]
[WhiteFideId "651019760"]
[BlackFideId "36022349"]
[EventDate "2020.05.16"]

1. e4 c5 2. Nf3 d6 3. d4 cxd4 4. Nxd4 Nf6 5. Nc3 a6 6. Bg5 e5 7. Nb3 Be7 8. f4
h6 9. Bxf6 Bxf6 10. f5 Nc6 11. Nd5 O-O 12. Qf3 b5 13. Bd3 Bb7 14. O-O-O Bg5+ 15.
Kb1 Ne7 16. f6 Nxd5 17. fxg7 Kxg7 18. exd5 Qf6 19. Qe4 Qg6 20. Qg4 Qf6 21. Qe4
Qg6 22. Qg4 f5 23. Qe2 e4 0-1

[Event "ch-FRA Blitz Online Qual"]
[Site "Europe-Chess INT"]
[Date "2020.05.16"]
[Round "4"]
[White "Lovichi, Raphael"]
[Black "Dubois, Herve"]
[Result "0-1"]
[WhiteElo "1406"]
[BlackElo "1836"]
[WhiteFideId "45172935"]
[BlackFideId "636460"]
[EventDate "2020.05.16"]

1. e4 c5 2. d4 cxd4 3. c3 d3 4. Bxd3 d6 5. Nf3 Nc6 6. O-O Nf6 7. Bf4 e5 8. Be3
Be7 9. c4 O-O 10. Nc3 a6 11. Nd5 Bg4 12. Bb6 Qd7 13. h3 Bxf3 14. Qxf3 Nxd5 15.
cxd5 Nd4 16. Bxd4 exd4 17. Rac1 Rac8 18. Qe2 Bf6 19. f4 Rfe8 20. Qd2 Qa4 21. a3
h6 22. Rxc8 Rxc8 23. Rc1 Qd7 24. Rxc8+ Qxc8 25. Qc2 Qd7 26. Qc4 g5 27. fxg5 hxg5
28. Bc2 g4 29. Ba4 Qe7 30. Qc8+ Kg7 31. Qxg4+ Kf8 32. Bc2 Qe5 33. Qc8+ Kg7 34.
Qg4+ Kh7 35. Qf5+ Kh6 0-1

[Event "ch-FRA Blitz Online Qual"]
[Site "Europe-Chess INT"]
[Date "2020.05.16"]
[Round "4"]
[White "Dazi, Adam"]
[Black "Leccia, Thomas"]
[Result "1-0"]
[WhiteElo "1336"]
[BlackElo "1893"]
[WhiteFideId "45106959"]
[BlackFideId "36087270"]
[EventDate "2020.05.16"]

1. e4 e6 2. d4 d5 3. exd5 exd5 4. c4 Bb4+ 5. Bd2 Bxd2+ 6. Qxd2 Nf6 7. Nc3 O-O 8.
Bd3 Re8+ 9. Nge2 dxc4 10. Bxc4 c6 11. O-O Nbd7 12. Ng3 Nb6 13. Bb3 a5 14. a4
Nbd5 15. Nxd5 Nxd5 16. Rfe1 Be6 17. Bxd5 Qxd5 18. Re5 Qd6 19. Rd1 Rad8 20. Qxa5
Bb3 21. Rxe8+ Rxe8 22. Re1 Rxe1+ 23. Qxe1 Bxa4 24. Qe8+ Qf8 25. Qxf8+ Kxf8 26.
Kf1 g6 27. Ke1 Ke7 28. Kd2 Kd6 29. Kc3 f5 30. Ne2 Bb5 31. Nc1 Kd5 32. Nb3 b6 33.
Nd2 Be2 34. b3 b5 35. Nb1 Bf1 36. g3 g5 37. Nd2 Be2 38. f3 1-0

[Event "ch-FRA Blitz Online Qual"]
[Site "Europe-Chess INT"]
[Date "2020.05.16"]
[Round "4"]
[White "Staune, Jean"]
[Black "Pineau, Patrick"]
[Result "1/2-1/2"]
[WhiteElo "1719"]
[BlackElo "1349"]
[WhiteFideId "26091631"]
[BlackFideId "20673329"]
[EventDate "2020.05.16"]

1. e4 c5 2. c3 e6 3. d4 cxd4 4. cxd4 a6 5. Nf3 b5 6. a3 Bb7 7. Bd3 Nc6 8. Be3
Qc7 9. O-O d6 10. b4 Nf6 11. Qd2 Rc8 12. h3 d5 13. e5 Ne4 14. Bxe4 dxe4 15. Nh2
f5 16. exf6 gxf6 17. Bh6 f5 18. Bxf8 Rxf8 19. f3 exf3 20. Nxf3 Rd8 21. Qe3 Qd6
22. Re1 Rf6 23. Rd1 f4 24. Qd3 Rg6 25. Nc3 Ne7 26. Ne4 Bxe4 27. Qxe4 Nf5 28.
Rac1 Ng3 29. Qe5 Qxe5 30. Nxe5 Ne2+ 31. Kf2 Nxc1 32. Nxg6 hxg6 33. Rxc1 Rxd4 34.
Rc6 Ke7 35. Rxa6 Rd2+ 36. Kf3 g5 37. g3 fxg3 38. Kxg3 Rd3+ 39. Kg4 Kf6 40. h4
gxh4 41. Kxh4 Rd4+ 42. Kg3 Kf5 43. Kf3 e5 44. Ke3 Re4+ 45. Kf3 Rf4+ 46. Ke3 Re4+
47. Kf3 Rf4+ 48. Ke3 Re4+ 1/2-1/2

[Event "ch-FRA Blitz Online Qual"]
[Site "Europe-Chess INT"]
[Date "2020.05.16"]
[Round "4"]
[White "Gabino, Karl"]
[Black "Perolini, Cedric"]
[Result "0-1"]
[WhiteElo "1331"]
[BlackElo "1706"]
[WhiteFideId "45135886"]
[BlackFideId "20692773"]
[EventDate "2020.05.16"]

1. e4 e5 2. Bc4 Nc6 3. Nf3 Nf6 4. d3 Bc5 5. O-O d6 6. c3 Bg4 7. Nbd2 Qd7 8. b4
Bb6 9. a4 a5 10. b5 Ne7 11. Re1 Ng6 12. Nf1 O-O 13. Ng3 Be6 14. Ba2 Ng4 15. d4
exd4 16. cxd4 Bxa2 17. Rxa2 Rae8 18. h3 Nf6 19. Bg5 h6 20. Bxf6 gxf6 21. Nf5 Kh7
22. Qd2 Qxf5 23. exf5 Ne7 24. Nh4 Rg8 25. Re4 Rg5 26. Rg4 Reg8 27. Rxg5 fxg5 28.
Nf3 Nxf5 29. g4 Ng7 30. Qd3+ Kh8 31. Re2 Ne6 32. Qf5 Kg7 33. Rxe6 fxe6 34. Qxe6
Rf8 35. Qe7+ Rf7 36. Qe3 c5 37. Qc3 cxd4 38. Nxd4 Kg6 39. Nf5 Rc7 40. Qf3 Rc1+
41. Kg2 Rc5 42. Ne7+ Kg7 43. Qg3 Bd8 44. Qxd6 Rc7 45. Qg6+ Kf8 46. Nd5 Rd7 47.
Qf6+ Rf7 48. Qd6+ Be7 49. Qb8+ Kg7 50. Qxb7 Bc5 51. Qc6 Rxf2+ 52. Kh1 Bb4 53.
Qd7+ Rf7 54. Qxf7+ Kxf7 55. b6 Bd6 56. Nc7 Ke7 57. Kg2 Kd7 58. Kf3 Kc6 59. Ke4
Kxb6 60. Nb5 Kc5 61. Kf5 Bf8 62. Kg6 Kd5 63. Kf5 Kc4 64. Nc7 Kb4 65. Ne6 Bd6 66.
Nf8 Bxf8 0-1

[Event "ch-FRA Blitz Online Qual"]
[Site "Europe-Chess INT"]
[Date "2020.05.16"]
[Round "4"]
[White "Gauthier, Laurent2"]
[Black "Touat, Kais"]
[Result "1/2-1/2"]
[WhiteElo "1704"]
[BlackElo "1416"]
[WhiteFideId "676810"]
[BlackFideId "45136815"]
[EventDate "2020.05.16"]

1. e4 e5 2. Nf3 Nc6 3. d4 exd4 4. c3 dxc3 5. Bc4 Qf6 6. Nxc3 Bb4 7. Qb3 Bxc3+ 8.
bxc3 Nge7 9. O-O O-O 10. Re1 d6 11. Bg5 Qg6 12. Bxe7 Nxe7 13. e5 Bg4 14. Nd4 b6
15. exd6 Qxd6 16. f3 Bh5 17. Rad1 Qf6 18. Qb5 Bg6 19. Qe5 Qxe5 20. Rxe5 Rfe8 21.
Rde1 Kf8 22. Bb5 c6 23. Nxc6 Nxc6 24. Rxe8+ Rxe8 25. Rxe8+ Kxe8 26. Bxc6+ Ke7
27. Kf2 f6 28. a3 h6 29. Ke3 Kd6 30. Be4 Bxe4 31. Kxe4 Kc5 32. Kd3 a5 33. h4 b5
34. g4 g6 35. f4 f5 36. g5 h5 37. Kd2 Kd5 38. Kd3 Kc5 39. Kd2 Kc4 40. Kc2 Kd5
41. Kd3 Kc5 1/2-1/2

[Event "ch-FRA Blitz Online Qual"]
[Site "Europe-Chess INT"]
[Date "2020.05.16"]
[Round "4"]
[White "Gheorghin, Felix"]
[Black "Rapaire, Jean-Michel"]
[Result "0-1"]
[WhiteElo "1310"]
[BlackElo "1742"]
[WhiteFideId "651027240"]
[BlackFideId "5400023"]
[EventDate "2020.05.16"]

1. e4 d5 2. exd5 Qxd5 3. Nc3 Qd8 4. d4 Nf6 5. Bg5 Nbd7 6. Nf3 h6 7. Bh4 e6 8.
Bb5 Be7 9. Ne5 c6 10. Nxd7 Qxd7 11. Bc4 Nd5 12. Bxe7 Nxc3 13. bxc3 Qxe7 14. O-O
O-O 15. Re1 Qf6 16. Qd2 b5 17. Bb3 Bd7 18. c4 a6 19. cxb5 cxb5 20. c4 Bc6 21.
cxb5 Bxb5 22. d5 exd5 23. Qxd5 Bc6 24. Qd2 Qg6 25. f3 Bxf3 26. Re3 Bc6 27. Rc1
Bb5 28. Rg3 Qb6+ 29. Qf2 Qxf2+ 30. Kxf2 Rac8 31. Rxc8 Rxc8 32. a4 Be8 33. a5 g6
34. Kf3 Kg7 35. Kf2 Bd7 36. Ke3 Bb5 37. Kf2 Rc7 38. Kf3 Rc3+ 39. Kf2 Rxg3 40.
Kxg3 f5 41. Kf4 Kf6 42. g3 g5+ 43. Kf3 Ke5 44. Bf7 Kd4 45. Bg6 Bd7 46. Bf7 Kc5 0-1

[Event "ch-FRA Blitz Online Qual"]
[Site "Europe-Chess INT"]
[Date "2020.05.16"]
[Round "4"]
[White "Akopian, Edwin"]
[Black "Gouja, Wissem"]
[Result "1-0"]
[WhiteElo "1706"]
[BlackElo "1346"]
[WhiteFideId "36068357"]
[BlackFideId "551013800"]
[EventDate "2020.05.16"]

1. d4 Nf6 2. c4 g6 3. Nc3 Bg7 4. e4 d6 5. Nf3 O-O 6. Be2 Na6 7. Nd2 e5 8. d5 Nd7
9. O-O f5 10. a3 fxe4 11. Ndxe4 Nac5 12. b4 Nxe4 13. Nxe4 Nf6 14. Bd3 Nxe4 15.
Bxe4 Qh4 16. Qc2 Bf5 17. Bxf5 gxf5 18. c5 f4 19. cxd6 cxd6 20. Qc7 f3 21. Be3
fxg2 22. Rfc1 Rf6 23. Qxb7 Raf8 24. Rc7 Qg4 25. Rac1 Bh6 26. Bxh6 Rxh6 27. Qxa7 1-0

[Event "ch-FRA Blitz Online Qual"]
[Site "Europe-Chess INT"]
[Date "2020.05.16"]
[Round "4"]
[White "Hadida, Simon"]
[Black "Gimenez, Adrien"]
[Result "0-1"]
[WhiteElo "1900"]
[BlackElo "1591"]
[WhiteFideId "45132925"]
[BlackFideId "36069094"]
[EventDate "2020.05.16"]

1. e4 d6 2. d4 Nf6 3. Nc3 g6 4. Be2 Bg7 5. Be3 Nbd7 6. Qd2 c6 7. f3 e5 8. O-O-O
Qe7 9. g4 O-O 10. h4 b5 11. h5 Nb6 12. Bh6 exd4 13. Bxg7 dxc3 14. Qh6 cxb2+ 15.
Kb1 Na4 16. hxg6 fxg6 17. Bxf8 Nc3+ 18. Kxb2 Nxd1+ 19. Bxd1 Qxf8 20. Qf4 Be6 21.
Ne2 a5 22. Nd4 Bd7 23. c3 b4 24. Bb3+ d5 25. cxb4 a4 26. Bc2 Qxb4+ 27. Kc1 Qxd4
28. e5 Qxf4+ 0-1

[Event "ch-FRA Blitz Online Qual"]
[Site "Europe-Chess INT"]
[Date "2020.05.16"]
[Round "4"]
[White "Mecili, Nabil"]
[Black "Lambert Hoareau, Guillaume"]
[Result "1-0"]
[WhiteElo "1688"]
[BlackElo "1348"]
[WhiteFideId "618420"]
[BlackFideId "45172323"]
[EventDate "2020.05.16"]

1. e4 d5 2. exd5 Nf6 3. Nc3 Nxd5 4. Nxd5 Qxd5 5. Qf3 Qxf3 6. Nxf3 Bg4 7. Be2 Nc6
8. c3 e6 9. d4 Bd6 10. h3 Bxf3 11. Bxf3 Kd7 12. b3 h6 13. Bb2 Rab8 14. c4 Be7
15. O-O-O Bf6 16. Kb1 Ke7 17. Be4 Rbd8 18. d5 Bxb2 19. dxc6 Rxd1+ 20. Rxd1 Be5
21. Rd7+ Kf6 22. cxb7 c5 23. g3 g5 24. Kc2 Rf8 25. a3 Rb8 26. b4 cxb4 27. axb4
Kg7 28. c5 Kf8 29. c6 Ke8 30. Kb3 f5 31. Bf3 f4 32. Bh5+ Kf8 33. c7 Bxc7 34.
Rxc7 a5 35. Rc8+ Ke7 36. Rxb8 fxg3 37. fxg3 g4 38. Bxg4 h5 39. Bxh5 e5 40. Rc8
e4 41. b8=Q e3 42. Qe5+ Kd7 43. Qc7+ Ke6 44. Qc6+ Ke7 45. Qb7+ Kd6 46. Rc6+ Kd5
47. Qb5+ Kd4 48. Be2 a4+ 49. Kxa4 Ke4 50. Qd3+ Ke5 51. Rc5+ Ke6 52. Qd5+ Kf6 53.
Rc6+ Ke7 54. Qd6+ Ke8 55. Rc8+ Kf7 56. Rc7+ Ke8 57. Qe7# 1-0

[Event "ch-FRA Blitz Online Qual"]
[Site "Europe-Chess INT"]
[Date "2020.05.16"]
[Round "4"]
[White "Genot, Jean-Paul"]
[Black "Guigay, Joel"]
[Result "1-0"]
[WhiteElo "1673"]
[BlackElo "1315"]
[WhiteFideId "45150940"]
[BlackFideId "45174016"]
[EventDate "2020.05.16"]

1. e4 e5 2. Nf3 Nc6 3. d4 exd4 4. Bc4 Bc5 5. c3 d6 6. cxd4 Bb6 7. h3 Nf6 8. Nc3
O-O 9. O-O a6 10. Bg5 Be6 11. d5 Ne5 12. Nxe5 dxe5 13. dxe6 Qxd1 14. Raxd1 Nh5
15. Nd5 fxe6 16. Nxb6 cxb6 17. Bxe6+ Kh8 18. Bd5 Rab8 19. Be7 Rfe8 20. Bd6 Rbd8
21. Bc7 Rd7 22. Bxb6 Nf6 23. Be3 h6 24. Rc1 Red8 25. Rfd1 Kh7 26. f3 Nh5 27. Kf2
g5 28. Bb6 Re8 29. Rc7 Rxc7 30. Bxc7 Nf4 31. Bb6 Re7 32. Bc5 Rc7 33. Bd6 Rc2+
34. Kf1 Rxg2 35. Bxe5 Nxh3 36. Kxg2 Nf4+ 37. Bxf4 gxf4 38. Bxb7 Kg6 39. Kh3 a5
40. e5 Kf5 41. Re1 Ke6 42. Bc8+ Ke7 43. e6 h5 44. Kh4 a4 45. Kxh5 a3 46. b4 Ke8
47. b5 Kd8 48. Bd7 Kc7 49. Bc6 Kd8 50. e7+ Kc7 51. e8=Q 1-0

[Event "ch-FRA Blitz Online Qual"]
[Site "Europe-Chess INT"]
[Date "2020.05.16"]
[Round "4"]
[White "Nguyen, Theo"]
[Black "Azizyan, Rafayel"]
[Result "0-1"]
[WhiteElo "1309"]
[BlackElo "1667"]
[WhiteFideId "551068591"]
[BlackFideId "651016931"]
[EventDate "2020.05.16"]

1. d4 e6 2. Nf3 Nf6 3. g3 d5 4. Bg2 Bd6 5. O-O O-O 6. b3 Nbd7 7. Bb2 b6 8. Nbd2
Bb7 9. c4 c5 10. Rc1 Rc8 11. e3 Qe7 12. Re1 Rfd8 13. cxd5 Nxd5 14. a3 cxd4 15.
Nxd4 Rxc1 16. Qxc1 Rc8 17. Qa1 Nc5 18. Qb1 Ba6 19. Bf1 Bxf1 20. Kxf1 Qb7 21.
N4f3 Qa6+ 22. Kg2 Nd3 23. Rd1 Nxb2 24. Qxb2 Qe2 25. Rc1 Rxc1 26. Qxc1 Nxe3+ 27.
Kg1 Qd1+ 28. Qxd1 Nxd1 29. a4 Nc3 30. Kf1 Nd5 31. Ke2 f6 32. Nc4 Bc5 33. Ne3
Nc3+ 34. Kd3 Bxe3 35. fxe3 Nd5 36. Kd4 Kf7 37. Nd2 Ke7 38. Nc4 Kd7 39. e4 Nc7
40. Kc3 Na6 41. b4 Nc7 42. Kd4 e5+ 43. Kc3 Ne6 44. Kd3 Nd4 45. h3 Kc6 46. g4 b5
47. axb5+ Kxb5 48. Kc3 Ne2+ 49. Kb3 Nf4 50. Nd6+ Kc6 51. h4 Kxd6 52. Kc4 Kc6 53.
b5+ Kb6 54. Kb4 a6 55. bxa6 Kxa6 56. Kc4 Ng2 57. h5 Ne3+ 58. Kd3 Nxg4 59. Ke2 g6
60. Kf3 gxh5 61. Kg3 Kb5 62. Kf3 Kc4 63. Kg3 Kd4 64. Kf3 Nh6 65. Kg3 f5 66. exf5
Nxf5+ 67. Kh3 e4 68. Kg2 e3 69. Kf1 Kd3 70. Ke1 Ng3 71. Kd1 Ne4 72. Ke1 Nc3 73.
Kf1 Nd5 74. Ke1 h4 75. Kf1 Nf4 76. Ke1 h3 77. Kf1 h2 78. Ke1 h1=Q# 0-1

[Event "ch-FRA Blitz Online Qual"]
[Site "Europe-Chess INT"]
[Date "2020.05.16"]
[Round "4"]
[White "Anas, Jacques"]
[Black "El Baroudi Abderrahmane"]
[Result "1-0"]
[WhiteElo "1304"]
[BlackElo "1599"]
[WhiteFideId "36094552"]
[BlackFideId "9005382"]
[EventDate "2020.05.16"]

1. d4 Nf6 2. c4 e6 3. Nc3 c5 4. e3 d5 5. Nf3 Nc6 6. cxd5 Nxd5 7. Bb5 Nxc3 8.
bxc3 cxd4 9. exd4 Bd7 10. O-O Be7 11. Ne5 Nxe5 12. Bxd7+ Nxd7 13. Re1 O-O 14. d5
exd5 15. Qxd5 Bf6 16. Bb2 Nb6 17. Qb5 Rc8 18. Rac1 a6 19. Qb3 Rc7 20. Red1 Rd7
21. Rxd7 Nxd7 22. Qxb7 Nc5 23. Qc6 Qc8 24. Qb6 Nd3 25. Rb1 Re8 26. h3 Nxb2 27.
Rxb2 Re1+ 28. Kh2 Be5+ 29. g3 Bxc3 30. Rc2 Re6 31. Rxc3 Qe8 32. Qb7 g6 33. Rc8
Re7 34. Rxe8+ 1-0

[Event "ch-FRA Blitz Online Qual"]
[Site "Europe-Chess INT"]
[Date "2020.05.16"]
[Round "4"]
[White "Briand, Maxime"]
[Black "Vidoni, Salma"]
[Result "1-0"]
[WhiteElo "1662"]
[BlackElo "1309"]
[WhiteFideId "651016397"]
[BlackFideId "45107556"]
[EventDate "2020.05.16"]

1. d4 f5 2. c4 Nf6 3. g3 e6 4. Bg2 Be7 5. Nc3 O-O 6. Nf3 d5 7. b3 c6 8. O-O Bd7
9. Ne5 Be8 10. Bb2 Bh5 11. Qc2 Nbd7 12. f4 Ng4 13. Qd3 Qe8 14. cxd5 exd5 15. h3
Ngxe5 16. fxe5 Qg6 17. Kh2 Rf7 18. Nxd5 cxd5 19. Bxd5 Rf8 20. e6 Bd6 21. exf7+
Kh8 22. Rg1 Nf6 23. Bf3 Bxf3 24. Qxf3 Nh5 25. Raf1 Rxf7 26. e4 1-0

[Event "ch-FRA Blitz Online Qual"]
[Site "Europe-Chess INT"]
[Date "2020.05.16"]
[Round "4"]
[White "Carme, Jeremie"]
[Black "Thibous, Mathis"]
[Result "0-1"]
[WhiteElo "1659"]
[BlackElo "1313"]
[WhiteFideId "45184593"]
[BlackFideId "45163014"]
[EventDate "2020.05.16"]

1. e4 c5 2. Nf3 a6 3. d4 cxd4 4. Nxd4 Nf6 5. Nc3 e5 6. Nb3 Bb4 7. Bd3 O-O 8. Bd2
Nc6 9. O-O b5 10. a3 Be7 11. Kh1 Bb7 12. f4 exf4 13. Bxf4 d5 14. exd5 Nxd5 15.
Qh5 Nf6 16. Qh3 Qc8 17. Bf5 Qe8 18. Bg5 h6 19. Bxf6 Bxf6 20. Bd3 Bxc3 21. bxc3
Qe5 22. Rae1 Qg5 23. Rf5 Qd8 24. Rf4 Re8 25. Rfe4 Rxe4 26. Bxe4 Qf6 27. Qd7 Rb8
28. Bd3 Ne5 29. Qc7 Rc8 30. Qxb7 Rxc3 31. Qe4 Nxd3 32. cxd3 Rxb3 33. Qa8+ Kh7
34. Qe4+ Qg6 35. Qe3 Rxd3 36. Qe2 Rxa3 37. Qe7 Ra4 38. Qa7 b4 39. h3 a5 40. Re8
Ra1+ 41. Kh2 Qd6+ 42. g3 Qd2+ 43. Re2 Qxe2+ 44. Qf2 Qxf2# 0-1

[Event "ch-FRA Blitz Online Qual"]
[Site "Europe-Chess INT"]
[Date "2020.05.16"]
[Round "4"]
[White "Buffin, Jean"]
[Black "Serieys, Philippe"]
[Result "1-0"]
[WhiteElo "1711"]
[BlackElo "1210"]
[WhiteFideId "20699751"]
[BlackFideId "36092576"]
[EventDate "2020.05.16"]

1. d4 c5 2. d5 d6 3. c4 e5 4. Nc3 Nf6 5. e4 Be7 6. Bd3 O-O 7. Qc2 Nbd7 8. Nge2
Ne8 9. O-O Nb6 10. f4 exf4 11. Bxf4 Nf6 12. e5 dxe5 13. Bxe5 Re8 14. Bxf6 Bxf6
15. Bxh7+ Kh8 16. Bd3 g6 17. Ne4 Kg7 18. Nf4 Rh8 19. Rf3 Qe7 20. Nxf6 Qxf6 21.
Nh5+ Kh7 22. Nxf6+ Kg7 23. Raf1 1-0

[Event "ch-FRA Blitz Online Qual"]
[Site "Europe-Chess INT"]
[Date "2020.05.16"]
[Round "4"]
[White "Senegas, Pascal"]
[Black "Hwang, Daniel"]
[Result "1-0"]
[WhiteElo "1654"]
[BlackElo "1557"]
[WhiteFideId "45102074"]
[BlackFideId "45136890"]
[EventDate "2020.05.16"]

1. Nf3 Nf6 2. c4 e6 3. Nc3 d5 4. d4 Bb4 5. Bd2 O-O 6. e3 b6 7. a3 Bd6 8. Bd3 Bb7
9. cxd5 exd5 10. O-O c5 11. dxc5 bxc5 12. Rc1 Nbd7 13. Re1 Rc8 14. Bb5 Ne5 15.
Nxe5 Bxe5 16. f4 Bb8 17. Ne2 Qb6 18. Bd3 a5 19. Qa4 Qxb2 20. Bxa5 c4 21. Bc3 Qb6
22. Bd4 Qa6 23. Qxa6 Bxa6 24. Bf5 Rcd8 25. Nc3 Rfe8 26. Rb1 g6 27. Bxf6 gxf5 28.
Bxd8 Rxd8 29. Rb6 Bc8 30. Rxb8 1-0

[Event "ch-FRA Blitz Online Qual"]
[Site "Europe-Chess INT"]
[Date "2020.05.16"]
[Round "4"]
[White "Druon, Thibault"]
[Black "Naillou, Jean-Marc"]
[Result "0-1"]
[WhiteElo "1644"]
[BlackElo "1449"]
[WhiteFideId "45166510"]
[BlackFideId "36047724"]
[EventDate "2020.05.16"]

1. d4 Nf6 2. c4 e6 3. Nc3 d5 4. Bg5 Be7 5. e3 O-O 6. Nf3 h6 7. Bh4 c6 8. Rc1 a5
9. Bd3 Nfd7 10. Bxe7 Qxe7 11. cxd5 exd5 12. O-O Nf6 13. Re1 Bg4 14. e4 dxe4 15.
Nxe4 Nxe4 16. Bxe4 Qf6 17. h3 Bh5 18. Re3 Nd7 19. Bb1 Rfe8 20. Rcc3 Nb6 21. Rc5
Nd5 22. Re5 Bxf3 23. gxf3 Rxe5 24. dxe5 Qxe5 25. Qd3 Qg5+ 26. Kf1 g6 27. Rc4 Nf4
28. Qe3 Nxh3 29. Qd3 Qg1+ 30. Ke2 Nf4+ 31. Ke3 Nxd3 32. Bxd3 Qg5+ 33. f4 Re8+
34. Kf3 Qd5+ 35. Kg3 Qxd3+ 0-1